000 00381nam a22001457a 4500
020 _qHB.
040 _cFIZZA ISHAQ
082 _a959.7043373
_bPUL
100 _a Puller , Lewis B.
_9133999
245 _aFortunate Son /
_c Lewis B. Puller.
250 _aFirst ED.
260 _aNew York:
_bGrove Press,
_c1991.
300 _a389 p. ;
_c6.25 x 1.25 x 9.5 inches
942 _2ddc
_cBK
999 _c616922
_d616922